00544nam a2200205 a 4500001001300000003000900013005001700022008004100039020000800080082002100088100002400109245003200133260004100165300000900206500003500215505001900250650001900269650002600288700002400314nice12345678IN_TiNIC20260116011936.0050524s1954 laha grp 000 0 eng  ac300a305.4095491bISL aIslahi, Ameen Ahsan aPakistani Awrat Dorahey Per aLahorebMaktaba Jamat-E-Islamic1954 a264p aincludes index and biblioraphy2 aReserve copies aWomen-Pakistan aMuslim Women-Pakistan1 aIslahi, Ameen Ahsan